[Event "FRA-chT Top 16 Gp Basse"]
[Site "Chartres"]
[Date "2022.06.19"]
[Round "4.3"]
[White "Migot, Tangi"]
[Black "Jaouen, Valentin"]
[Result "1-0"]
[WhiteElo "2353"]
[BlackElo "2121"]
[PlyCount "53"]
[EventDate "2022.06.16"]
[EventType "team-tourn"]
[EventRounds "4"]
[EventCountry "FRA"]
[SourceTitle "CBM 208 Extra"]
[Source "ChessBase"]
[SourceDate "2022.07.31"]
[SourceVersion "1"]
[SourceVersionDate "2022.07.31"]
[SourceQuality "1"]
[WhiteTeam "Metz Fischer"]
[BlackTeam "Echiquier de l'Erdre"]
[WhiteTeamCountry "FRA"]
[BlackTeamCountry "FRA"]

1. e4 e6 2. d4 d5 3. Nd2 c5 4. Ngf3 Nc6 5. exd5 Qxd5 6. Bc4 Qd8 7. dxc5 Bxc5 8. Qe2 Qc7 9. Ne4 Be7 10. Bg5 Bxg5 11. Nfxg5 Nf6 12. Nxf6+ gxf6 13. Ne4 f5 14. Nf6+ Kf8 15. 0-0-0 h5 16. Nxh5 Rxh5 17. Qxh5 Qf4+ 18. Rd2 Qxc4 19. Rhd1 Qf4 20. g3 Qc7 21. Qg5 Ke8 22. h4 e5 23. h5 Be6 24. Qg8+ Ke7 25. Qxa8 Bc8 26. h6 Kf8 27. Rd7 1-0

[Event "FRA-chT Top 12"]
[Site "Chalons en Champagne"]
[Date "2021.06.25"]
[Round "2.6"]
[White "Le Roux, Jean Pierre"]
[Black "Jaouen, Valentin"]
[Result "1/2-1/2"]
[WhiteElo "2524"]
[BlackElo "2112"]
[PlyCount "70"]
[EventDate "2021.06.24"]
[EventType "team-tourn"]
[EventRounds "11"]
[EventCountry "FRA"]
[SourceTitle "CBM 203 Extra"]
[Source "ChessBase"]
[SourceDate "2021.09.30"]
[SourceVersion "1"]
[SourceVersionDate "2021.09.30"]
[SourceQuality "1"]
[WhiteTeam "Bischwiller"]
[BlackTeam "Echiquier de l'Erdre"]
[WhiteTeamCountry "FRA"]
[BlackTeamCountry "FRA"]

1. Nf3 e6 2. d3 d5 3. g3 b6 4. Bg2 Bb7 5. 0-0 Nf6 6. c4 dxc4 7. dxc4 Qxd1 8. Rxd1 Bd6 9. Nc3 a6 10. Ng5 Bxg2 11. Kxg2 Nc6 12. Be3 Ng4 13. Bd2 0-0 14. Rac1 Rfd8 15. Na4 Be7 16. Nf3 Rd7 17. Bf4 Rad8 18. Rxd7 Rxd7 19. h3 Nf6 20. a3 a5 21. Nc3 Bc5 22. Nb5 Ne4 23. e3 e5 24. Nxe5 Nxe5 25. Bxe5 Rd2 26. Rf1 f6 27. Bd4 Bxd4 28. exd4 c6 29. Na7 Rxd4 30. Nxc6 Rxc4 31. Ne7+ Kf7 32. Nd5 Rc2 33. Nxb6 Rxb2 34. Nc4 Ra2 35. Nxa5 Rxa3 1/2-1/2

[Event "Avoine op 28th"]
[Site "Avoine"]
[Date "2013.07.27"]
[Round "8"]
[White "Jaouen, Valentin"]
[Black "Bouget, Alexandre"]
[Result "0-1"]
[WhiteElo "2009"]
[BlackElo "2257"]
[PlyCount "120"]
[EventDate "2013.07.20"]
[EventType "swiss"]
[EventRounds "9"]
[EventCountry "FRA"]
[SourceTitle "CBM 155 Extra"]
[Source "ChessBase"]
[SourceDate "2013.08.26"]
[SourceVersion "1"]
[SourceVersionDate "2013.08.26"]
[SourceQuality "1"]

1. e4 e5 2. Nf3 Nc6 3. Bb5 a6 4. Ba4 Nf6 5. 0-0 Be7 6. Re1 b5 7. Bb3 0-0 8. h3 Bb7 9. c3 d5 10. d3 dxe4 11. dxe4 Qxd1 12. Bxd1 Rad8 13. Bc2 Nd7 14. Nbd2 Nc5 15. Nf1 Nd3 16. Rd1 Nxc1 17. Raxc1 Bc5 18. Rd5 Bd6 19. Ne3 g6 20. Rcd1 f6 21. b4 Kg7 22. Ne1 Ra8 23. f3 Ne7 24. R5d2 a5 25. Nd3 axb4 26. Nxb4 f5 27. g4 Bc5 28. Rd7 Bxe3+ 29. Kg2 Bc5 30. Rxc7 Rfc8 31. Rdd7 Rxc7 32. Rxc7 Rc8 33. Rxb7 Bxb4 34. Bb3 Rxc3 35. Rxb5 Bd6 36. a4 Bc7 37. Rb7 Kf6 38. h4 h6 39. Kf2 Rc6 40. a5 Bd6 41. Rd7 Bc5+ 42. Kg2 Ra6 43. Rd8 Kg7 44. gxf5 gxf5 45. exf5 Nxf5 46. Rg8+ Kh7 47. Kh3 Rg6 48. Rxg6 Kxg6 49. Bc2 Kf6 50. Be4 Ng7 51. a6 Ne6 52. Bc2 Nf4+ 53. Kg3 Ba7 54. Be4 h5 55. Bc2 Ke6 56. Bb3+ Ke7 57. Bc4 Be3 58. Bb3 Kd6 59. Bc4 Kc6 60. Kh2 Bf2 0-1

[Event "FRA-ch U18"]
[Site "Saint Paul Trois Chateaux"]
[Date "2013.05.04"]
[Round "7"]
[White "Jaouen, Valentin"]
[Black "Pourquet, Matthieu"]
[Result "1-0"]
[WhiteElo "1979"]
[BlackElo "2040"]
[PlyCount "87"]
[EventDate "2013.04.28"]
[EventType "swiss"]
[EventRounds "9"]
[EventCountry "FRA"]
[SourceTitle "CBM 154 Extra"]
[Source "ChessBase"]
[SourceDate "2013.06.25"]
[SourceVersion "2"]
[SourceVersionDate "2013.06.25"]
[SourceQuality "1"]

1. e4 e6 2. d4 d5 3. e5 c5 4. c3 Qb6 5. Nf3 Nc6 6. a3 Nh6 7. b4 cxd4 8. cxd4 Nf5 9. Bb2 Be7 10. Bd3 a5 11. b5 Ncxd4 12. Nxd4 Nxd4 13. Nc3 Qc7 14. Qa4 Qxe5+ 15. Kf1 Nf5 16. Re1 Qd6 17. Bxf5 exf5 18. Qd4 Be6 19. Qxg7 Kd7 20. Na4 Rhg8 21. Qxh7 d4 22. Qh5 Rg4 23. g3 Rag8 24. Rd1 Bc4+ 25. Ke1 Qe6+ 26. Kd2 Bg5+ 27. f4 Qe3+ 28. Kc2 Qb3+ 29. Kb1 Qa2+ 30. Kc1 Rxf4 31. gxf4 Bxf4+ 32. Rd2 Bxd2+ 33. Kxd2 Rg2+ 34. Kc1 Be6 35. Qf3 Qc4+ 36. Kb1 Qa2+ 37. Kc1 Qc4+ 38. Bc3 Qa2 39. Qxb7+ Ke8 40. Qc6+ Ke7 41. Bb2 Bd5 42. Re1+ Kf8 43. Re8+ Kg7 44. Bxd4+ 1-0

[Event "Sautron op 11th"]
[Site "Sautron"]
[Date "2012.09.01"]
[Round "4"]
[White "Jaouen, Valentin"]
[Black "Barbot, Pierre"]
[Result "0-1"]
[WhiteElo "1970"]
[BlackElo "2277"]
[PlyCount "52"]
[EventDate "2012.08.31"]
[EventType "swiss"]
[EventRounds "6"]
[EventCountry "FRA"]
[SourceTitle "EXT 2013"]
[Source "ChessBase"]
[SourceDate "2012.11.22"]
[SourceVersion "1"]
[SourceVersionDate "2012.11.22"]
[SourceQuality "1"]

1. e4 c5 2. Nf3 Nc6 3. d4 cxd4 4. Nxd4 g6 5. Nxc6 bxc6 6. Qd4 Nf6 7. c4 d6 8. Nc3 Bg7 9. b3 0-0 10. Bb2 a5 11. Qd2 Nd7 12. Na4 Bxb2 13. Qxb2 Nc5 14. Nc3 Qb6 15. Rb1 f5 16. f3 fxe4 17. Nxe4 Bf5 18. Qd4 Bxe4 19. fxe4 Rf4 20. Be2 Rxe4 21. Qd2 Re5 22. Rd1 Ne4 23. Qd4 Qb4+ 24. Kf1 Nc3 25. Rd2 Nxe2 26. Rxe2 Rf8+ 0-1

[Event "Sautron op 11th"]
[Site "Sautron"]
[Date "2011.10.26"]
[Round "6"]
[White "Marholev, Dimitar"]
[Black "Jaouen, Valentin"]
[Result "1-0"]
[WhiteElo "2355"]
[BlackElo "1888"]
[PlyCount "45"]
[EventDate "2011.10.22"]
[EventType "swiss"]
[EventRounds "9"]
[EventCountry "FRA"]
[SourceTitle "EXT 2016"]
[Source "ChessBase"]
[SourceDate "2015.10.08"]
[SourceVersion "1"]
[SourceVersionDate "2015.10.08"]
[SourceQuality "1"]

1. e4 e6 2. d4 d5 3. Nd2 c5 4. Ngf3 Nf6 5. e5 Ne4 6. dxc5 Nxd2 7. Qxd2 Bxc5 8. Bd3 Nc6 9. a3 Qc7 10. Qg5 0-0 11. 0-0 f5 12. exf6 Rxf6 13. Qh5 g6 14. Qh4 Rf7 15. b4 Be7 16. Ng5 Bf6 17. Rb1 Ne5 18. Bb2 Nxd3 19. Bxf6 Rxf6 20. cxd3 Rf4 21. Rbc1 Qf7 22. Qh6 Qe7 23. Nxh7 1-0

[Event "Sautron op 11th"]
[Site "Sautron"]
[Date "2011.10.23"]
[Round "5"]
[White "Jaouen, Valentin"]
[Black "Delabaca, Romuald"]
[Result "1/2-1/2"]
[WhiteElo "1988"]
[BlackElo "2263"]
[PlyCount "112"]
[EventDate "2011.10.22"]
[EventType "swiss"]
[EventRounds "9"]
[EventCountry "FRA"]
[SourceTitle "EXT 2016"]
[Source "ChessBase"]
[SourceDate "2015.10.08"]
[SourceVersion "1"]
[SourceVersionDate "2015.10.08"]
[SourceQuality "1"]

1. e4 c5 2. Nf3 d6 3. d4 cxd4 4. Nxd4 Nf6 5. Nc3 a6 6. f3 e6 7. Be3 b5 8. Qd2 Nbd7 9. g4 Nb6 10. Qf2 Nfd7 11. 0-0-0 Bb7 12. h4 Rc8 13. Nce2 Qc7 14. Ng3 d5 15. e5 Qxe5 16. Nxb5 Na4 17. Nd4 Qc7 18. Bd3 Bd6 19. f4 0-0 20. c3 Nf6 21. Rhg1 Nc5 22. Bc2 Nce4 23. Nxe4 Nxe4 24. Bxe4 dxe4 25. h5 Bd5 26. Kb1 Rb8 27. Qd2 Rfc8 28. Ka1 Qa5 29. b4 Qa4 30. Rc1 Rc4 31. Qc2 Qd7 32. Qd2 Rbc8 33. Rc2 Qc7 34. Rgc1 Qd7 35. g5 a5 36. Rb1 axb4 37. cxb4 Rxc2 38. Nxc2 Ra8 39. a3 Qb5 40. Qc3 Qd3 41. Kb2 Qa6 42. h6 Bf8 43. Bc5 Rc8 44. Qd4 Qa4 45. Kc1 Bb3 46. Rb2 Bxc2 47. Rxc2 Qxa3+ 48. Kd2 Qf3 49. Qe5 Qd3+ 50. Kc1 Qa3+ 51. Kd1 Rd8+ 52. Rd2 Qb3+ 53. Kc1 Rc8 54. Rc2 Qa3+ 55. Kd1 Rd8+ 56. Rd2 Qb3+ 1/2-1/2

[Event "Sautron op 11th"]
[Site "Sautron"]
[Date "2011.10.23"]
[Round "3"]
[White "Jaouen, Valentin"]
[Black "Makka, Ioulia"]
[Result "0-1"]
[WhiteElo "1888"]
[BlackElo "2102"]
[PlyCount "46"]
[EventDate "2011.10.22"]
[EventType "swiss"]
[EventRounds "9"]
[EventCountry "FRA"]
[SourceTitle "EXT 2016"]
[Source "ChessBase"]
[SourceDate "2015.10.08"]
[SourceVersion "1"]
[SourceVersionDate "2015.10.08"]
[SourceQuality "1"]

1. e4 c6 2. d4 d5 3. Nc3 dxe4 4. Nxe4 Bf5 5. Ng3 Bg6 6. h4 h6 7. Nf3 Nd7 8. h5 Bh7 9. Bd3 Bxd3 10. Qxd3 e6 11. Bf4 Qa5+ 12. Bd2 Bb4 13. c3 Be7 14. c4 Qc7 15. 0-0-0 Ngf6 16. Kb1 0-0 17. Ne4 Nxe4 18. Qxe4 Nf6 19. Qe2 a5 20. g3 a4 21. Bf4 Qa5 22. Ne5 a3 23. b3 Rad8 0-1

[Event "FRA-chT U20 16 GP Haute 1011"]
[Site "France"]
[Date "2011.06.12"]
[Round "9"]
[White "Giroyan, Gary"]
[Black "Jaouen, Valentin"]
[Result "1-0"]
[WhiteElo "2277"]
[BlackElo "1892"]
[PlyCount "87"]
[EventDate "2010.06.20"]
[EventType "team-tourn"]
[EventRounds "11"]
[EventCountry "FRA"]
[SourceTitle "EXT 2015"]
[Source "ChessBase"]
[SourceDate "2014.11.20"]
[SourceVersion "1"]
[SourceVersionDate "2014.11.20"]
[SourceQuality "1"]
[WhiteTeam "Cannes (U20)"]
[BlackTeam "Sautron (U20)"]
[WhiteTeamCountry "FRA"]
[BlackTeamCountry "FRA"]

1. e4 e6 2. d4 d5 3. Nc3 Bb4 4. e5 c5 5. a3 Bxc3+ 6. bxc3 Ne7 7. Qg4 0-0 8. Bd3 f5 9. exf6 Rxf6 10. Bg5 Rf7 11. Qh5 g6 12. Qh4 Nbc6 13. Nf3 Qa5 14. Bd2 c4 15. Be2 Nf5 16. Qg5 Bd7 17. h4 Qd8 18. h5 Qxg5 19. Nxg5 Re7 20. hxg6 hxg6 21. g4 Nd6 22. 0-0-0 Nf7 23. Rh4 Nxg5 24. Bxg5 Rh7 25. Rxh7 Kxh7 26. Bf6 g5 27. Bxg5 Kg6 28. Bf4 Rh8 29. Kd2 Ne7 30. Rb1 b6 31. Bf3 Rh3 32. Bg3 Kg5 33. Re1 Ng6 34. Bd1 Ne7 35. Re3 Rh1 36. f4+ Kf6 37. Bf3 Rf1 38. f5 Kf7 39. Bh4 Ng8 40. fxe6+ Bxe6 41. g5 Rg1 42. Re5 Ra1 43. Bh5+ Ke7 44. Bg4 1-0

[Event "FRA-chT U20 16 GP Haute 1011"]
[Site "France"]
[Date "2011.06.12"]
[Round "8"]
[White "Loiseau, Quentin"]
[Black "Jaouen, Valentin"]
[Result "1-0"]
[WhiteElo "2161"]
[BlackElo "1892"]
[PlyCount "35"]
[EventDate "2010.06.20"]
[EventType "team-tourn"]
[EventRounds "11"]
[EventCountry "FRA"]
[SourceTitle "EXT 2015"]
[Source "ChessBase"]
[SourceDate "2014.11.20"]
[SourceVersion "1"]
[SourceVersionDate "2014.11.20"]
[SourceQuality "1"]
[WhiteTeam "Creteil (U20)"]
[BlackTeam "Sautron (U20)"]
[WhiteTeamCountry "FRA"]
[BlackTeamCountry "FRA"]

1. Nf3 e6 2. c4 f5 3. g3 b6 4. Bg2 Bb7 5. d4 Nf6 6. 0-0 g6 7. d5 exd5 8. Nh4 Bg7 9. cxd5 0-0 10. Nc3 Re8 11. Bg5 h6 12. Bd2 Kh7 13. Qc2 Na6 14. e4 fxe4 15. Nxe4 Nxd5 16. Nc3 Nxc3 17. Qxg6+ Kh8 18. Bxc3 1-0

[Event "Rohde op 10th"]
[Site "Sautron"]
[Date "2010.10.25"]
[Round "4"]
[White "Gayon, Benoit"]
[Black "Jaouen, Valentin"]
[Result "1/2-1/2"]
[WhiteElo "1956"]
[BlackElo "1812"]
[PlyCount "47"]
[EventDate "2010.10.23"]
[EventType "swiss"]
[EventRounds "9"]
[EventCountry "FRA"]
[SourceTitle "EXT 2012"]
[Source "ChessBase"]
[SourceDate "2011.11.24"]
[SourceVersion "1"]
[SourceVersionDate "2011.11.24"]
[SourceQuality "1"]

1. e4 e6 2. d4 d5 3. e5 c5 4. c3 Nc6 5. Be3 cxd4 6. cxd4 Qb6 7. Qd2 Nge7 8. Nf3 Nf5 9. Be2 Be7 10. 0-0 0-0 11. Nc3 Bd7 12. Rac1 Rac8 13. Na4 Qb4 14. Qxb4 Nxb4 15. Nc3 Nxe3 16. fxe3 f6 17. a3 Nc6 18. Bb5 fxe5 19. Bxc6 Bxc6 20. Nxe5 Bf6 21. Nxc6 Rxc6 22. Ne2 Rfc8 23. Rxc6 Rxc6 24. Rc1 1/2-1/2

[Event "Gorges op 18th"]
[Site "Gorges"]
[Date "2008.07.??"]
[Round "4"]
[White "Jaouen, Valentin"]
[Black "Nicolas, Pierre"]
[Result "1-0"]
[WhiteElo "1765"]
[BlackElo "1410"]
[PlyCount "71"]
[EventDate "2008.07.??"]
[EventType "swiss"]
[EventRounds "7"]
[EventCountry "FRA"]
[SourceTitle "CBM 125 Extra"]
[Source "ChessBase"]
[SourceDate "2008.09.01"]
[SourceVersion "1"]
[SourceVersionDate "2008.09.01"]
[SourceQuality "1"]

1. e4 c6 2. d4 d5 3. exd5 cxd5 4. Nf3 Nc6 5. Be2 Bf5 6. a3 Nf6 7. 0-0 e6 8. Bf4 Bd6 9. Be5 Bxe5 10. Nxe5 Nxe5 11. dxe5 Nd7 12. Bb5 0-0 13. Qe2 Qc7 14. Bxd7 Qxd7 15. Nc3 Rac8 16. Rfd1 d4 17. Rac1 Rfd8 18. Ne4 Bxe4 19. Qxe4 Qb5 20. b3 Qd5 21. Qe2 Rc5 22. f4 Rdc8 23. c4 Qd7 24. Qe4 Rd8 25. Rc2 d3 26. Rcd2 Qc7 27. Rxd3 Rxd3 28. Qxd3 g6 29. Qd8+ Qxd8 30. Rxd8+ Kg7 31. Rd7 Ra5 32. a4 b6 33. Kf2 Kf8 34. Ke3 Ke8 35. Rc7 h6 36. h4 1-0

[Event "Gorges op 18th"]
[Site "Gorges"]
[Date "2008.07.??"]
[Round "7"]
[White "Jaouen, Valentin"]
[Black "Peric, Slavisa"]
[Result "1/2-1/2"]
[WhiteElo "1765"]
[BlackElo "2251"]
[PlyCount "81"]
[EventDate "2008.07.??"]
[EventType "swiss"]
[EventRounds "7"]
[EventCountry "FRA"]
[SourceTitle "CBM 125 Extra"]
[Source "ChessBase"]
[SourceDate "2008.09.01"]
[SourceVersion "1"]
[SourceVersionDate "2008.09.01"]
[SourceQuality "1"]

1. e4 e6 2. d4 d5 3. Nc3 dxe4 4. Nxe4 Nd7 5. Nf3 Ngf6 6. Bd3 c5 7. 0-0 a6 8. Bg5 Qc7 9. Nxf6+ Nxf6 10. c3 Be7 11. Re1 0-0 12. Qc2 h6 13. Bh4 b6 14. dxc5 bxc5 15. Rad1 Bb7 16. Ne5 Rad8 17. Bg3 Bd6 18. Bf1 Nh5 19. Nc4 Nxg3 20. Nxd6 Nxf1 21. Nxb7 Rxd1 22. Rxd1 Nxh2 23. Nd6 Ng4 24. Qe4 Rd8 25. Qxg4 Rxd6 26. Rxd6 Qxd6 27. Qa4 f5 28. b4 cxb4 29. cxb4 e5 30. Qe8+ Kh7 31. Qc8 Kg6 32. a4 Qd1+ 33. Kh2 Qxa4 34. Qe6+ Kg5 35. Qe7+ Kh5 36. Qxe5 Kg6 37. Qe6+ Kh7 38. Qxf5+ Kg8 39. Qe6+ Kf8 40. Qf5+ Ke7 41. Qe5+ 1/2-1/2

[Event "FRA-ch U10"]
[Site "Le Grand Bornand"]
[Date "2007.04.??"]
[Round "1"]
[White "Ton That, Nicolas"]
[Black "Jaouen, Valentin"]
[Result "1-0"]
[WhiteElo "1862"]
[BlackElo "1580"]
[PlyCount "113"]
[EventDate "2007.04.07"]
[EventType "swiss"]
[EventRounds "9"]
[EventCountry "FRA"]
[SourceTitle "CBM 118 Extra"]
[Source "ChessBase"]
[SourceDate "2007.07.04"]
[SourceVersion "1"]
[SourceVersionDate "2007.07.04"]
[SourceQuality "1"]

1. c4 e5 2. Nc3 Nc6 3. Nf3 Nf6 4. g3 Bc5 5. Bg2 0-0 6. 0-0 d6 7. d3 a6 8. e3 Be6 9. a3 Qd7 10. b4 Ba7 11. Bb2 e4 12. Ng5 exd3 13. Qxd3 Ne5 14. Qe2 Rab8 15. Rad1 Ng6 16. Nxe6 fxe6 17. Ne4 Nxe4 18. Bxe4 Qf7 19. Kh1 b5 20. cxb5 axb5 21. Rd2 d5 22. Bd3 Qf3+ 23. Qxf3 Rxf3 24. Rc1 Rb7 25. Rc6 Kf7 26. Kg2 Rf6 27. Bxf6 gxf6 28. Rdc2 Bb8 29. Bxg6+ hxg6 30. f4 Ke7 31. Kf3 Kd7 32. Ra6 Ra7 33. Rxa7 Bxa7 34. h4 f5 35. h5 gxh5 36. Rh2 Kd6 37. Rxh5 c5 38. Ke2 c4 39. Kd2 Bb6 40. Rg5 Bd8 41. Rg6 Bb6 42. g4 fxg4 43. Rxg4 Bd8 44. Rg6 Kd7 45. Rh6 Be7 46. Kc3 Bd8 47. Kc2 Bc7 48. Kd2 Bd8 49. Ke2 Be7 50. Kf3 Bd8 51. Rg6 Be7 52. Rg2 Bf6 53. Kg4 Ba1 54. Ra2 Bf6 55. Kh5 d4 56. exd4 Bxd4 57. Rd2 1-0